000
00333nam a2200133Ia 4500
008
240624s9999 xx 000 0 und d
041
_a
eng
082
_a
828 SAT
100
_a
SATPATHY C B
245
_a
AGE OF SHIRDI SAI
260
_c
2014
_a
New Delhi
_b
Sterling Publishers (P) Ltd.
300
_a
xiv, 241 p.; 21 cm.
365
_c
RS
999
_c
29415
_d
29415